Rappeurs Français #14 - Statistiques

Statistiques générales
  • Ce quiz a été pris 116 fois
  • Le résultat moyen est 5 sur 16
Statistiques - réponses
Par images Réponse % Correct
Theodora
96%
Kerchak
80%
Houdi
55%
Vacra
52%
JRK 19
41%
R2
41%
TKS 2G
29%
La Chine
25%
Niaks
25%
ElGrandeToto
20%
Kekra
17%
Bello
13%
Dallas
13%
La2s
12%
Wixo
12%
Metah
8%
Aucun quiz correspondant
Distribution des résultats
% des personnes avec chaque résultat
Percentile par nombre de réponses
Votre historique - résultats
Vous n’avez pas pris ce quiz